| 000 | 00520nam a2200169Ia 4500 | ||
|---|---|---|---|
| 008 | 090711s9999 xx 000 0 und d | ||
| 082 | _b931 | ||
| 100 | _aफोलेट केन | ||
| 245 | _aआय ऑफ द निडल | ||
| 260 |
_bपुष्प प्रकाशन प्रा. लि. _c1999 |
||
| 300 | _a192 | ||
| 600 | _aफोलेट केन | ||
| 630 | _aआय ऑफ द निडल | ||
| 700 | _aफोलेट केन | ||
| 730 | _aआय ऑफ द निडल | ||
| 942 | _cBOOK | ||
| 999 |
_c335909 _d335909 |
||